[Event "10th Open"]
[Site "Dubai UAE"]
[Date "2008.04.12"]
[Round "6"]
[White "Nasri, A."]
[Black "Zhou Weiqi"]
[Result "1/2-1/2"]
[WhiteElo "2364"]
[BlackElo "2560"]
[PlyCount "38"]
[EventDate "2008.04.07"]

1. d4 e6 2. c4 Nf6 3. Nc3 Bb4 4. Qc2 d5 5. cxd5 exd5 6. Bg5 c5 7. e3 cxd4 8.
exd4 Nc6 9. Rd1 h6 10. Be3 O-O 11. Nf3 Ne4 12. Bd3 Qa5 13. O-O Nxc3 14. bxc3
Bxc3 15. Qc1 f5 16. a3 Bd7 17. Bb1 Ne7 18. Bxh6 gxh6 19. Ne5 Bb5 1/2-1/2

[Event "10th Open"]
[Site "Dubai UAE"]
[Date "2008.04.12"]
[Round "6"]
[White "Mas, H."]
[Black "Ibrahimov, R."]
[Result "1/2-1/2"]
[WhiteElo "2396"]
[BlackElo "2535"]
[PlyCount "70"]
[EventDate "2008.04.07"]

1. e4 c5 2. Nf3 d6 3. d4 cxd4 4. Nxd4 Nf6 5. Nc3 a6 6. Be2 e5 7. Nb3 Be6 8. O-O
Nbd7 9. Be3 Rc8 10. f3 Be7 11. Qd2 Nb6 12. Kh1 O-O 13. Rfd1 Qc7 14. Qe1 Nc4 15.
Bxc4 Bxc4 16. Qf2 b5 17. Bb6 Qb8 18. Na5 Be6 19. Rd2 Nd7 20. Be3 Qc7 21. Nb3 f5
22. exf5 Rxf5 23. a3 Rff8 24. Qe2 h6 25. Re1 Qc4 26. Qd1 Nf6 27. Bf2 Qc7 28.
Nc1 g5 29. Nd3 Qb7 30. Nb4 Rf7 31. Rxd6 Bxd6 32. Qxd6 a5 33. Qxe6 axb4 34. axb4
Re8 35. Qf5 Nh5 1/2-1/2

[Event "10th Open"]
[Site "Dubai UAE"]
[Date "2008.04.12"]
[Round "6"]
[White "Safarli, E."]
[Black "Laxman, R."]
[Result "1/2-1/2"]
[WhiteElo "2524"]
[BlackElo "2488"]
[PlyCount "78"]
[EventDate "2008.04.07"]

1. e4 e5 2. Nf3 Nc6 3. Bb5 a6 4. Ba4 Nf6 5. Nc3 d6 6. Bxc6+ bxc6 7. d4 exd4 8.
Nxd4 Bd7 9. O-O Be7 10. b3 O-O 11. Bb2 Re8 12. Qf3 Qc8 13. Rfe1 Ng4 14. h3 Ne5
15. Qg3 Bf6 16. Rad1 Ng6 17. Nde2 c5 18. Qd3 Bc6 19. f3 Qb7 20. Qd2 h6 21. Ng3
Be5 22. Nf5 Kh7 23. Kh1 Ne7 24. Ne3 Rad8 25. Nc4 Bg3 26. Rf1 Qc8 27. Ne2 Bh4
28. Nf4 Bg5 29. Qc3 Bf6 30. e5 dxe5 31. Rxd8 Rxd8 32. Nh5 Qe6 33. Nxf6+ gxf6
34. Ne3 Ng6 35. Qxc5 Nf4 36. Qc4 Qxc4 37. bxc4 Rd2 38. Bc3 Rd7 39. Rf2 Ba4
1/2-1/2

[Event "10th Open"]
[Site "Dubai UAE"]
[Date "2008.04.12"]
[Round "6"]
[White "Ismagambetov, An"]
[Black "Phadke, So1"]
[Result "1/2-1/2"]
[WhiteElo "2492"]
[BlackElo "2285"]
[PlyCount "135"]
[EventDate "2008.04.07"]

1. e4 e5 2. Nf3 Nf6 3. Nc3 Nc6 4. d4 Bb4 5. d5 Ne7 6. Bd3 d6 7. O-O Ng6 8. Ne2
O-O 9. c4 Nh5 10. Bg5 f6 11. Be3 Bg4 12. Ne1 Nhf4 13. f3 Nxe2+ 14. Bxe2 Bxe1
15. Qxe1 Bd7 16. c5 Nf4 17. Bc4 b6 18. cxd6 cxd6 19. Qd2 f5 20. Bxf4 exf4 21.
Qxf4 b5 22. Bb3 Qb6+ 23. Kh1 fxe4 24. Qxe4 Rae8 25. Qc2 Bf5 26. Qd2 Re3 27.
Rae1 Rfe8 28. Rxe3 Qxe3 29. Qxe3 Rxe3 30. g4 Bd3 31. Rf2 Be2 32. Kg2 a5 33. a3
Rxb3 34. Rxe2 Rd3 35. Kg3 Kf7 36. Rc2 Rxd5 37. Rc7+ Kf6 38. Rb7 h6 39. h4 a4
40. h5 Re5 41. Kf4 g5+ 42. hxg6 Kxg6 43. Rb6 Rd5 44. Ke4 Re5+ 45. Kd4 Kg5 46.
Rxd6 Re2 47. Rd5+ Kf4 48. Rf5+ Kg3 49. g5 Rxb2 50. gxh6 Rh2 51. Kc5 Rxh6 52.
Kxb5 Rh4 53. f4 Kf3 54. Kxa4 Ke4 55. Rf6 Kd5 56. Kb4 Rh1 57. a4 Rb1+ 58. Kc3
Ra1 59. a5 Kc5 60. a6 Ra3+ 61. Kb2 Ra4 62. Kb3 Ra1 63. Re6 Rf1 64. a7 Ra1 65.
Re7 Kd6 66. Rb7 Kd5 67. f5 Ke5 68. Rf7 1/2-1/2

[Event "10th Open"]
[Site "Dubai UAE"]
[Date "2008.04.12"]
[Round "6"]
[White "Kalegin, E."]
[Black "Arvind, C."]
[Result "1-0"]
[WhiteElo "2510"]
[BlackElo "2292"]
[PlyCount "79"]
[EventDate "2008.04.07"]

1. e4 e6 2. d4 d5 3. Nc3 Nf6 4. e5 Nfd7 5. f4 c5 6. Nf3 Nc6 7. Be3 cxd4 8. Nxd4
Bc5 9. Qd2 O-O 10. O-O-O a6 11. h4 Nxd4 12. Bxd4 b5 13. Rh3 b4 14. Na4 Bxd4 15.
Qxd4 a5 16. h5 Ba6 17. h6 g6 18. g4 Qc7 19. Rh2 Rfc8 20. b3 Bxf1 21. Rxf1 Ra6
22. Re2 Rc6 23. Rff2 Qd8 24. Kb2 f6 25. Qe3 Qc7 26. Kb1 Rf8 27. Qd4 f5 28. Rg2
Nc5 29. Nxc5 Rxc5 30. gxf5 Rxf5 31. Rg5 Rf8 32. f5 exf5 33. e6 Qe7 34. Rg3 f4
35. Rf3 Rc3 36. Rxf4 Rcc8 37. Rxf8+ Rxf8 38. Re1 Rd8 39. Qe5 Rf8 40. Qxd5 1-0

[Event "10th Open"]
[Site "Dubai UAE"]
[Date "2008.04.12"]
[Round "6"]
[White "Ibrayev, N."]
[Black "Soozankar, A."]
[Result "1-0"]
[WhiteElo "2507"]
[BlackElo "2221"]
[PlyCount "107"]
[EventDate "2008.04.07"]

1. d4 e6 2. c4 Nf6 3. g3 d5 4. Nf3 dxc4 5. Bg2 c5 6. O-O Nc6 7. Qa4 Bd7 8. Qxc4
cxd4 9. Nxd4 Rc8 10. Nc3 Qb6 11. Nxc6 Bxc6 12. Be3 Qa5 13. Rfc1 a6 14. Qb3 Qb4
15. Na4 Nd5 16. Nb6 Qxb3 17. axb3 Rd8 18. Nxd5 exd5 19. Bb6 Rd6 20. Bc5 Re6 21.
e3 Bxc5 22. Rxc5 Rd6 23. Rd1 b6 24. Rc3 Ke7 25. b4 Rhd8 26. Rd4 Ke6 27. f4 f5
28. Bf3 g6 29. g4 Kd7 30. Kf2 Re8 31. Rd1 fxg4 32. Bxg4+ Kc7 33. Bf3 Kb7 34.
Rcd3 Red8 35. e4 Bb5 36. Rd4 Kc7 37. e5 Rc6 38. R1d2 Rc4 39. h4 Rc1 40. Kg3
Rg1+ 41. Rg2 Rc1 42. Rxd5 Rc4 43. Rgd2 Rf8 44. R5d4 Rc1 45. Be4 Ba4 46. R4d3
Rg1+ 47. Rg2 Rf1 48. Rf3 Re1 49. Rc3+ Kb8 50. Bf3 Bb5 51. Rd2 Rg1+ 52. Kh2 Rb1
53. Rd6 Rxb2+ 54. Kg3 1-0

[Event "10th Open"]
[Site "Dubai UAE"]
[Date "2008.04.12"]
[Round "6"]
[White "El Arousy, A."]
[Black "El Taher, F."]
[Result "1/2-1/2"]
[WhiteElo "2298"]
[BlackElo "2486"]
[PlyCount "42"]
[EventDate "2008.04.07"]

1. e4 c5 2. Nf3 d6 3. d4 cxd4 4. Nxd4 Nf6 5. f3 a6 6. c4 e6 7. Nc3 Be7 8. Be3
O-O 9. Be2 Qc7 10. O-O b6 11. Rc1 Bb7 12. b4 Nbd7 13. Qd2 Rac8 14. Rfd1 Rfe8
15. Bf1 Qb8 16. a3 Bf8 17. Nb3 Ba8 18. Qf2 Be7 19. Kh1 Bd8 20. Qa2 Bb7 21. Bf4
Bc7 1/2-1/2

[Event "10th Open"]
[Site "Dubai UAE"]
[Date "2008.04.12"]
[Round "6"]
[White "Narayanan, Sr"]
[Black "Ashwin, J."]
[Result "1/2-1/2"]
[WhiteElo "2220"]
[BlackElo "2446"]
[PlyCount "69"]
[EventDate "2008.04.07"]

1. e4 c5 2. Nf3 d6 3. d4 cxd4 4. Nxd4 Nf6 5. Nc3 a6 6. Be3 Ng4 7. Bg5 h6 8. Bh4
g5 9. Bg3 Bg7 10. h3 Ne5 11. Nf5 Bxf5 12. exf5 Nec6 13. Qd2 Nd7 14. Rd1 Qb6 15.
Nd5 Qxb2 16. Be2 Nb4 17. Nc7+ Kd8 18. O-O Rc8 19. Bxd6 exd6 20. Ne6+ fxe6 21.
Qxd6 Rc7 22. fxe6 Nc6 23. exd7 Qe5 24. Qg6 Qxe2 25. Qxg7 Qe5 26. Qf7 Qe7 27.
Qb3 Qb4 28. Qe6 Qe7 29. Qb3 Rf8 30. c3 Qf7 31. Qb6 Nb8 32. Qa7 Nxd7 33. Qb8+
Rc8 34. Qxb7 Re8 35. Qb6+ 1/2-1/2

[Event "10th Open"]
[Site "Dubai UAE"]
[Date "2008.04.12"]
[Round "6"]
[White "Chaichi, N."]
[Black "Sachdev, T."]
[Result "0-1"]
[WhiteElo "2134"]
[BlackElo "2423"]
[PlyCount "70"]
[EventDate "2008.04.07"]

1. c4 e5 2. Nc3 Nf6 3. g3 d5 4. cxd5 Nxd5 5. Bg2 Nb6 6. Nf3 Nc6 7. d3 Be7 8.
O-O O-O 9. a3 Be6 10. b4 a5 11. b5 Nd4 12. Rb1 f6 13. Nd2 Qc8 14. e3 Nf5 15.
Nde4 Rd8 16. Qc2 Nh6 17. Bb2 Bh3 18. Na4 Bxg2 19. Kxg2 Nd5 20. Rbc1 Nf7 21.
Rfd1 f5 22. Nec5 f4 23. e4 f3+ 24. Kxf3 Ng5+ 25. Ke2 Qg4+ 26. Ke1 Nf3+ 27. Kf1
Nxh2+ 28. Ke1 Nf3+ 29. Kf1 Qh3+ 30. Ke2 Qh5 31. Kf1 Ne3+ 32. fxe3 Qh1+ 33. Kf2
Qh2+ 34. Kf1 Qg1+ 35. Ke2 Qg2# 0-1

[Event "10th Open"]
[Site "Dubai UAE"]
[Date "2008.04.12"]
[Round "6"]
[White "Nikzaban, E."]
[Black "Wang Li"]
[Result "1-0"]
[WhiteElo "2069"]
[BlackElo "2407"]
[PlyCount "57"]
[EventDate "2008.04.07"]

1. e4 c5 2. a3 e6 3. b4 cxb4 4. axb4 Bxb4 5. Bb2 Nf6 6. e5 Nd5 7. Nf3 Nc6 8. c4
Nde7 9. Be2 b6 10. O-O O-O 11. Na3 Ng6 12. d4 Nf4 13. d5 Na5 14. d6 Bxa3 15.
Rxa3 Bb7 16. Bc1 Nxe2+ 17. Qxe2 Rc8 18. Ng5 h6 19. Rg3 f6 20. Nh3 Nxc4 21. Bxh6
Rf7 22. Nf4 Rc5 23. Bxg7 Rxg7 24. Rxg7+ Kxg7 25. Qg4+ Kh8 26. Qh5+ Kg8 27. Qg6+
Kh8 28. Qh6+ Kg8 29. Ng6 1-0

[Event "10th Open"]
[Site "Dubai UAE"]
[Date "2008.04.12"]
[Round "6"]
[White "Moosavian, S."]
[Black "Saeed, I."]
[Result "0-1"]
[WhiteElo "2404"]
[BlackElo "2174"]
[PlyCount "86"]
[EventDate "2008.04.07"]

1. e4 c6 2. d4 d5 3. Nd2 dxe4 4. Nxe4 Bf5 5. Ng3 Bg6 6. Bc4 e6 7. N1e2 Bd6 8.
Nf4 Qh4 9. Nxg6 hxg6 10. Be3 Nf6 11. Qd2 Nbd7 12. O-O-O Nb6 13. Bd3 Nbd5 14.
Nf1 Ng4 15. g3 Qf6 16. Re1 Qf3 17. Rg1 Nxh2 18. Be2 Qf5 19. Qd1 Nxf1 20. Rexf1
Nxe3 21. fxe3 Qa5 22. Bc4 Rh2 23. Bb3 Qg5 24. Rf3 Qe7 25. Qf1 f5 26. g4 O-O-O
27. gxf5 gxf5 28. Rg6 e5 29. Rxf5 exd4 30. Be6+ Kb8 31. Rf7 Qe8 32. Rgxg7 Qxe6
33. Rxb7+ Kc8 34. Rxa7 Qxe3+ 35. Kb1 Re2 36. Rg1 d3 37. Qf5+ Kb8 38. Ra8+ Kxa8
39. Qa5+ Kb7 40. Rg7+ Be7 41. a4 dxc2+ 42. Ka2 c1=N+ 43. Kb1 Qd3+ 0-1

[Event "10th Open"]
[Site "Dubai UAE"]
[Date "2008.04.12"]
[Round "6"]
[White "Mari Ooriad, P."]
[Black "Ravi, L."]
[Result "1/2-1/2"]
[WhiteElo "2165"]
[BlackElo "2382"]
[PlyCount "48"]
[EventDate "2008.04.07"]

1. e4 c6 2. d4 d5 3. exd5 cxd5 4. Bd3 Nc6 5. c3 Qc7 6. Ne2 Bg4 7. Qc2 e6 8. Bf4
Bd6 9. Bxd6 Qxd6 10. O-O Nf6 11. Ng3 h6 12. Na3 O-O 13. Rae1 Bh5 14. f4 Ne7 15.
Nxh5 Nxh5 16. g3 a6 17. Qe2 Nf6 18. Nc2 Rae8 19. g4 Ng6 20. g5 Nxf4 21. Rxf4
Qxf4 22. gxf6 Qxf6 23. Kh1 Qh4 24. Rg1 f5 1/2-1/2

[Event "10th Open"]
[Site "Dubai UAE"]
[Date "2008.04.12"]
[Round "6"]
[White "Shiven, K."]
[Black "Zhang Jilin"]
[Result "1-0"]
[WhiteElo "2086"]
[BlackElo "2361"]
[PlyCount "35"]
[EventDate "2008.04.07"]

1. e4 c5 2. Nf3 d6 3. d4 cxd4 4. Nxd4 Nf6 5. Nc3 a6 6. Bc4 e6 7. Bb3 b5 8. Bg5
Be7 9. Qf3 Qb6 10. O-O-O O-O 11. Rhe1 Nbd7 12. Qg3 Nc5 13. Bh6 Ne8 14. Bd5 Ra7
15. b4 Na4 16. Be3 Nxc3 17. Nxe6 Qb8 18. Nxg7 1-0

[Event "10th Open"]
[Site "Dubai UAE"]
[Date "2008.04.12"]
[Round "7"]
[White "Laxman, R."]
[Black "Nasri, A."]
[Result "1-0"]
[WhiteElo "2488"]
[BlackElo "2364"]
[PlyCount "47"]
[EventDate "2008.04.07"]

1. Nf3 d5 2. d4 e6 3. c4 c6 4. Nbd2 Nf6 5. g3 Be7 6. Bg2 O-O 7. O-O b6 8. b3
Nbd7 9. Bb2 Ba6 10. Re1 c5 11. dxc5 Nxc5 12. Rc1 Rc8 13. Ne5 Ncd7 14. cxd5 Rxc1
15. Qxc1 Nxe5 16. Bxe5 Nxd5 17. Nc4 Bb7 18. Rd1 Qa8 19. e4 Nf6 20. Bd6 Re8 21.
f3 Bc6 22. Ne5 Bb7 23. Qc7 Kf8 24. Bxe7+ 1-0

[Event "10th Open"]
[Site "Dubai UAE"]
[Date "2008.04.12"]
[Round "7"]
[White "El Taher, F."]
[Black "Nikzaban, E."]
[Result "1-0"]
[WhiteElo "2486"]
[BlackElo "2069"]
[PlyCount "63"]
[EventDate "2008.04.07"]

1. e4 c5 2. Nf3 Nc6 3. d4 cxd4 4. Nxd4 Nf6 5. Nc3 e5 6. Ndb5 d6 7. Bg5 Be7 8.
Bxf6 gxf6 9. Nd5 Rb8 10. Nbc7+ Kf8 11. Qh5 Kg7 12. O-O-O h6 13. Bc4 Rh7 14. f4
exf4 15. Rhf1 Ne5 16. Be2 Ng6 17. Nb5 Bf8 18. g3 a6 19. Nd4 Kh8 20. gxf4 Bg7
21. Bg4 Bxg4 22. Qxg4 h5 23. Qh3 Qc8 24. Nf5 Qe6 25. Qd3 Nf8 26. Rg1 Bh6 27.
Qg3 Ng6 28. Nxh6 Rxh6 29. f5 Qxe4 30. fxg6 Rxg6 31. Qxd6 Rc8 32. c3 1-0

[Event "10th Open"]
[Site "Dubai UAE"]
[Date "2008.04.12"]
[Round "7"]
[White "Phadke, So1"]
[Black "Hassan, Ab"]
[Result "1/2-1/2"]
[WhiteElo "2285"]
[BlackElo "2352"]
[PlyCount "24"]
[EventDate "2008.04.07"]

1. e4 e6 2. d4 d5 3. Nc3 Nf6 4. Bg5 dxe4 5. Nxe4 Be7 6. Bxf6 Bxf6 7. Nf3 Nd7 8.
Bd3 c5 9. O-O cxd4 10. Nxf6+ Qxf6 11. Bb5 a6 12. Bxd7+ Bxd7 1/2-1/2

[Event "10th Open"]
[Site "Dubai UAE"]
[Date "2008.04.12"]
[Round "7"]
[White "Bajarani, I."]
[Black "Narayanan, Sr"]
[Result "1-0"]
[WhiteElo "2345"]
[BlackElo "2220"]
[PlyCount "97"]
[EventDate "2008.04.07"]

1. d4 Nf6 2. Nf3 g6 3. c4 Bg7 4. Nc3 O-O 5. e4 d6 6. Be2 e5 7. O-O Nc6 8. d5
Ne7 9. Ne1 Nd7 10. f3 f5 11. g4 f4 12. h4 Bf6 13. Ng2 Kh8 14. Bd2 Ng8 15. Be1
Be7 16. b4 a5 17. a3 Ngf6 18. Kh2 Ne8 19. Bf2 Ng7 20. Rh1 Qe8 21. Nb5 Qd8 22.
Rc1 b6 23. Qb3 Ne8 24. Rhd1 Ba6 25. Nc3 g5 26. h5 Nef6 27. Ne1 Qe8 28. Nd3 Rg8
29. Rh1 Qf7 30. Kg2 Raf8 31. Kf1 Rc8 32. Nb5 c5 33. Na7 Ra8 34. Nc6 Nb8 35.
Ncxe5 dxe5 36. Nxe5 Qe8 37. Nd3 Bd6 38. bxc5 bxc5 39. Nxc5 Nfd7 40. Ne6 Be5 41.
c5 Bxe2+ 42. Kxe2 Nf8 43. Bd4 Nbd7 44. Qc3 Nxe6 45. Bxe5+ Nxe5 46. Qxe5+ Ng7
47. Qd4 Qb5+ 48. Kf2 Rab8 49. Rb1 1-0

[Event "10th Open"]
[Site "Dubai UAE"]
[Date "2008.04.12"]
[Round "7"]
[White "Ramnath, B."]
[Black "El Arousy, A."]
[Result "1/2-1/2"]
[WhiteElo "2204"]
[BlackElo "2298"]
[PlyCount "58"]
[EventDate "2008.04.07"]

1. e4 c5 2. Nf3 d6 3. d4 cxd4 4. Nxd4 Nf6 5. Nc3 a6 6. Be2 e6 7. a4 Be7 8. O-O
Qc7 9. f4 Nbd7 10. Bf3 Rb8 11. Kh1 O-O 12. g4 Nc5 13. g5 Nfd7 14. Bg2 Re8 15.
Ra3 Nb6 16. b4 Ncd7 17. Rb3 Nf8 18. f5 Nbd7 19. Qh5 Qd8 20. Nce2 Ne5 21. Rh3 g6
22. Qh6 f6 23. Nf4 Nf7 24. Nfxe6 Bxe6 25. Nxe6 Nxh6 26. Nxd8 Ng4 27. Ne6 Nxe6
28. fxe6 fxg5 29. Rf7 h5 1/2-1/2

[Event "10th Open"]
[Site "Dubai UAE"]
[Date "2008.04.12"]
[Round "7"]
[White "Ramaswamy, A."]
[Black "Shiven, K."]
[Result "0-1"]
[WhiteElo "2298"]
[BlackElo "2086"]
[PlyCount "96"]
[EventDate "2008.04.07"]

1. e4 c5 2. Nf3 d6 3. d4 cxd4 4. Nxd4 Nf6 5. Nc3 g6 6. Be3 Bg7 7. f3 O-O 8. Bc4
Nc6 9. Qd2 Bd7 10. O-O-O Rb8 11. Kb1 Nxd4 12. Bxd4 b5 13. Be2 e6 14. Rc1 b4 15.
Nd1 e5 16. Be3 Be6 17. c4 bxc3 18. Nxc3 d5 19. exd5 Nxd5 20. Nxd5 Bxd5 21. Rhd1
e4 22. Rc2 exf3 23. Bxf3 Be6 24. Bxa7 Bf5 25. Bxb8 Qxb8 26. Ka1 Bxc2 27. Qxc2
Rc8 28. Qd2 Qxh2 29. Bd5 Rb8 30. Bb3 Qe5 31. Qf2 Kh8 32. Rd5 Qe4 33. Qd2 Bf6
34. Rd6 Be5 35. Rd8+ Rxd8 36. Qxd8+ Kg7 37. Qd2 Bf4 38. Qc3+ f6 39. Qc2 Qe1+
40. Qd1 Qf2 41. Qc2 Qf1+ 42. Qd1 Qxg2 43. Bd5 Qf2 44. Bf3 h5 45. a4 Be5 46. Be2
h4 47. a5 Qc5 48. a6 Qa3+ 0-1

[Event "10th Open"]
[Site "Dubai UAE"]
[Date "2008.04.12"]
[Round "7"]
[White "Wang Li"]
[Black "Ghader Pour, S."]
[Result "1-0"]
[WhiteElo "2407"]
[BlackElo "2177"]
[PlyCount "95"]
[EventDate "2008.04.07"]

1. e4 c5 2. Nf3 d6 3. d4 cxd4 4. Nxd4 Nf6 5. Nc3 a6 6. Be3 e5 7. Nb3 Be7 8. Qd2
Ng4 9. Bc4 Be6 10. Bd5 Qc7 11. Rd1 Nd7 12. O-O O-O 13. Nc1 Rac8 14. N1e2 Nxe3
15. Qxe3 Nb6 16. Bb3 Nc4 17. Bxc4 Qxc4 18. Ng3 g6 19. Rd3 f5 20. Qh6 f4 21. Nf5
Bxf5 22. Nd5 Bd8 23. exf5 Rxf5 24. Rh3 Rf7 25. Rc3 Qxd5 26. Rxc8 Rf8 27. Qh3
Qf7 28. Rd1 Qe7 29. Qb3+ Kg7 30. Qd5 Qd7 31. Rc4 Bf6 32. Qxd6 Qxd6 33. Rxd6 Rf7
34. Kf1 h5 35. Ke2 e4 36. c3 f3+ 37. Kf1 Re7 38. Rb6 Rd7 39. gxf3 exf3 40. Ke1
Re7+ 41. Kd1 Bg5 42. h4 Bh6 43. Rcb4 Rd7+ 44. Rd4 Re7 45. Rdd6 Bf4 46. Rxg6+
Kh7 47. Rgf6 Bb8 48. Rxf3 1-0

[Event "10th Open"]
[Site "Dubai UAE"]
[Date "2008.04.12"]
[Round "7"]
[White "Ravi, L."]
[Black "Chaichi, N."]
[Result "1-0"]
[WhiteElo "2382"]
[BlackElo "2134"]
[PlyCount "67"]
[EventDate "2008.04.07"]

1. d4 Nf6 2. Nf3 e6 3. c4 c5 4. d5 exd5 5. cxd5 d6 6. Nc3 g6 7. e4 Bg7 8. h3
O-O 9. Bd3 b5 10. a3 a6 11. O-O Nbd7 12. Bf4 Qc7 13. Qd2 Re8 14. Rfe1 Ne5 15.
Nxe5 dxe5 16. Be3 c4 17. Bc2 Rd8 18. b4 Ne8 19. a4 Bd7 20. a5 Nd6 21. Bb6 Qc8
22. f4 Re8 23. fxe5 Bxe5 24. Bd4 Bxh3 25. gxh3 Qxh3 26. Re2 f6 27. Rg2 Kg7 28.
Rf1 Nf7 29. Qf2 Bxd4 30. Qxd4 Re5 31. Qf2 f5 32. exf5 Qxc3 33. fxg6 Ng5 34.
Qf6+ 1-0

[Event "10th Open"]
[Site "Dubai UAE"]
[Date "2008.04.12"]
[Round "7"]
[White "Arutinian, D."]
[Black "Gagunashvili, M."]
[Result "1/2-1/2"]
[WhiteElo "2593"]
[BlackElo "2553"]
[PlyCount "25"]
[EventDate "2008.04.07"]

1. d4 d5 2. c4 c6 3. Nf3 Nf6 4. e3 Bf5 5. Nc3 e6 6. Nh4 Be4 7. f3 Bg6 8. Qb3
Qb6 9. Nxg6 hxg6 10. Bd2 Nbd7 11. O-O-O Qxb3 12. axb3 Bd6 13. h3 1/2-1/2

[Event "10th Open"]
[Site "Dubai UAE"]
[Date "2008.04.12"]
[Round "7"]
[White "Salem, AR."]
[Black "Li Chao2"]
[Result "0-1"]
[WhiteElo "2429"]
[BlackElo "2582"]
[PlyCount "117"]
[EventDate "2008.04.07"]

1. d4 Nf6 2. c4 g6 3. Nc3 d5 4. cxd5 Nxd5 5. Bd2 Bg7 6. e4 Nb6 7. Be3 O-O 8.
Be2 Nc6 9. Nf3 Bg4 10. d5 Bxf3 11. gxf3 Ne5 12. Qb3 a5 13. f4 a4 14. Qb4 Ned7
15. e5 a3 16. bxa3 e6 17. dxe6 fxe6 18. Bg4 Re8 19. h4 Bf8 20. Qe4 Rxa3 21. Rc1
Qe7 22. h5 Qb4 23. hxg6 Rxc3 24. gxh7+ Kh8 25. Qg6 Rxc1+ 26. Ke2 Rc2+ 27. Kf3
Bg7 28. Qxe8+ Qf8 29. Qxf8+ Nxf8 30. f5 Nc4 31. fxe6 Nxe5+ 32. Kg3 Nxg4 33. e7
Nf6 34. Bg5 Ng6 35. Bxf6 Re2 36. Bxg7+ Kxg7 37. f4 Kh8 38. f5 Nxe7 39. f6 Nf5+
40. Kf4 Nd6 41. a3 Ne8 42. Rh6 c5 43. Kf3 Re1 44. Kg2 Nd6 45. Rh5 b6 46. a4 c4
47. Rh4 c3 48. f7 Nxf7 49. Rc4 Rc1 50. Kf2 Nd6 51. Rc7 c2 52. Ke2 Ne4 53. Kd3
Nc5+ 54. Kc3 Nxa4+ 55. Kd2 Rh1 56. Kxc2 Rxh7 57. Rc8+ Kg7 58. Rc7+ Kg6 59. Rc6+
0-1

[Event "10th Open"]
[Site "Dubai UAE"]
[Date "2008.04.12"]
[Round "7"]
[White "So, W."]
[Black "Gupta, Ab"]
[Result "1-0"]
[WhiteElo "2540"]
[BlackElo "2521"]
[PlyCount "55"]
[EventDate "2008.04.07"]

1. e4 e5 2. Nf3 Nc6 3. Bb5 Nge7 4. c3 d5 5. Nxe5 dxe4 6. Qe2 Be6 7. Nxc6 bxc6
8. Ba6 Qd5 9. O-O Ng6 10. d3 exd3 11. Bxd3 O-O-O 12. Rd1 Kb8 13. Bc2 Qxd1+ 14.
Bxd1 Bc5 15. Be3 Rhe8 16. Nd2 Bb6 17. Bb3 Bd5 18. Bxd5 Rxd5 19. Nc4 f5 20. Rd1
f4 21. Rxd5 cxd5 22. Nxb6 axb6 23. Qb5 Re5 24. Bd2 Nh4 25. Kf1 g5 26. Qd7 f3
27. g3 Re2 28. Qxd5 1-0

[Event "10th Open"]
[Site "Dubai UAE"]
[Date "2008.04.12"]
[Round "7"]
[White "Adly, A."]
[Black "Ghaem Maghami, E."]
[Result "0-1"]
[WhiteElo "2578"]
[BlackElo "2604"]
[PlyCount "109"]
[EventDate "2008.04.07"]

1. Nf3 Nf6 2. g3 d5 3. Bg2 c6 4. O-O Bg4 5. c4 e6 6. b3 Nbd7 7. Bb2 Bd6 8. d3
Bxf3 9. Bxf3 O-O 10. Nd2 Re8 11. Qc2 Qe7 12. Rad1 a5 13. d4 Ba3 14. Ba1 Bb4 15.
Nb1 Bd6 16. Nc3 Bb4 17. Nb1 Bd6 18. e3 Ra7 19. Bc3 a4 20. c5 axb3 21. axb3 Bc7
22. Nd2 e5 23. Ra1 Rxa1 24. Rxa1 exd4 25. Bxd4 Be5 26. Ra7 Bxd4 27. exd4 Nf8
28. Qc3 Ne6 29. Kg2 Ng5 30. h4 Nge4 31. Qb4 Rb8 32. Nf1 h5 33. Ne3 Qd7 34. Be2
Ng4 35. Bxg4 hxg4 36. Qa5 Qc8 37. b4 Nc3 38. Qa1 Nb5 39. Ra2 Qe6 40. Kh2 Qe4
41. Rd2 Re8 42. Qd1 f5 43. Ng2 Qf3 44. Qa1 Re2 45. Rxe2 Qxe2 46. Kg1 Qe4 47.
Nf4 Nxd4 48. h5 Kh7 49. Ng6 Nf3+ 50. Kf1 d4 51. Nf4 d3 52. h6 Nd4 53. Ng2 Qe2+
54. Kg1 d2 55. Qxd4 0-1

[Event "10th Open"]
[Site "Dubai UAE"]
[Date "2008.04.12"]
[Round "7"]
[White "Kotsur, P."]
[Black "Neverov, V."]
[Result "1/2-1/2"]
[WhiteElo "2568"]
[BlackElo "2568"]
[PlyCount "106"]
[EventDate "2008.04.07"]

1. e4 c5 2. Nc3 e6 3. Nf3 a6 4. d4 cxd4 5. Nxd4 Qc7 6. Bd3 Nf6 7. O-O Bc5 8.
Nb3 Ba7 9. Bg5 Nc6 10. Kh1 d6 11. Bxf6 gxf6 12. Qh5 Qe7 13. f4 Bd7 14. Rae1
O-O-O 15. Nd5 exd5 16. exd5 Ne5 17. fxe5 fxe5 18. Qxf7 Qg5 19. Qf6 h6 20. Be4
Kc7 21. Rf3 Qxf6 22. Rxf6 Bb5 23. Bd3 Rdf8 24. Ref1 Rxf6 25. Rxf6 Be3 26. Na5
Bd2 27. Nb3 Bg5 28. Rf7+ Kb6 29. g3 Re8 30. h4 Be3 31. Rf6 e4 32. Rxd6+ Kc7 33.
Bxb5 axb5 34. Rf6 h5 35. Kg2 Re5 36. Kf1 Rxd5 37. Re6 Rf5+ 38. Ke2 Bb6 39. Rxe4
Rf2+ 40. Kd1 Rg2 41. Re7+ Kc6 42. Re6+ Kc7 43. Rg6 Be3 44. Rg7+ Kc6 45. Rh7 Kd5
46. Rxh5+ Ke4 47. Nc5+ Kf3 48. Rf5+ Kg4 49. Rd5 Kf3 50. c3 Rxb2 51. Nxb7 Ke4
52. Rxb5 Rd2+ 53. Kc1 Rxa2+ 1/2-1/2

[Event "10th Open"]
[Site "Dubai UAE"]
[Date "2008.04.12"]
[Round "7"]
[White "Guseinov, G."]
[Black "Ismagambetov, An"]
[Result "1-0"]
[WhiteElo "2625"]
[BlackElo "2492"]
[PlyCount "127"]
[EventDate "2008.04.07"]

1. e4 c6 2. d4 d5 3. Nd2 dxe4 4. Nxe4 Bf5 5. Ng3 Bg6 6. h4 h6 7. Nf3 Nd7 8. h5
Bh7 9. Bd3 Bxd3 10. Qxd3 e6 11. Bd2 Qc7 12. O-O-O O-O-O 13. Qe2 Bd6 14. Ne4 Bf4
15. Bxf4 Qxf4+ 16. Qe3 Qxe3+ 17. fxe3 Kc7 18. Ne5 Ngf6 19. Nxf6 Nxe5 20. dxe5
Rxd1+ 21. Kxd1 gxf6 22. Rf1 f5 23. g4 Rg8 24. gxf5 Rg5 25. e4 Rxh5 26. Ke2 Kd7
27. Rf2 Ke7 28. f6+ Kf8 29. Ke3 Rxe5 30. Rh2 Rg5 31. Rxh6 e5 32. Rh8+ Rg8 33.
Rh5 Rg6 34. Rf5 b6 35. a4 a6 36. Kd3 Rg3+ 37. Kc4 b5+ 38. Kc5 bxa4 39. c4 Rg2
40. Kxc6 Rxb2 41. c5 Rb4 42. Rh5 Kg8 43. Rh3 Rb3 44. Rh2 a3 45. Kd6 Rb2 46. Rh1
a2 47. c6 Rc2 48. c7 a5 49. Ra1 Rd2+ 50. Kxe5 Rc2 51. Kd6 Rd2+ 52. Kc6 Rc2+ 53.
Kb6 Rb2+ 54. Kxa5 Rc2 55. Kb6 Rb2+ 56. Kc6 Rc2+ 57. Kd7 Rd2+ 58. Ke8 Rc2 59.
Rxa2 Rxc7 60. Rg2+ Kh7 61. e5 Ra7 62. e6 fxe6 63. f7 Ra8+ 64. Ke7 1-0

[Event "10th Open"]
[Site "Dubai UAE"]
[Date "2008.04.12"]
[Round "7"]
[White "Kuzubov, Y."]
[Black "Guliev, L."]
[Result "1-0"]
[WhiteElo "2603"]
[BlackElo "2434"]
[PlyCount "75"]
[EventDate "2008.04.07"]

1. d4 Nf6 2. c4 e6 3. Nf3 Bb4+ 4. Bd2 c5 5. Bxb4 cxb4 6. g3 O-O 7. Bg2 d6 8.
O-O a5 9. Qd3 Nbd7 10. a3 e5 11. Qb3 bxa3 12. Qxa3 Ra6 13. Nc3 Qb6 14. Rfd1 Re8
15. Rac1 e4 16. Ng5 e3 17. f4 h6 18. Nge4 Qb4 19. Nxf6+ Nxf6 20. Qxb4 axb4 21.
Nb5 Re7 22. Ra1 Ne8 23. d5 g6 24. Rxa6 bxa6 25. Nd4 Nf6 26. Ra1 Rc7 27. b3 Ra7
28. Nc6 Ra8 29. Nxb4 Nd7 30. Nc6 Nc5 31. b4 Nb3 32. Ra3 Nd2 33. c5 Bd7 34. Rxe3
Re8 35. Rxe8+ Bxe8 36. Na5 Nb1 37. e4 Nc3 38. cxd6 1-0